Czynniki kształtujące klimat - Statystyki

Ogólne statystyki
  • Ten quiz został rozwiązany 31 razy
    30 od ostatniego zresetowania
  • Średni wynik to 3 z 6
Statystyki odpowiedzi
Odpowiedź % Poprawnych
masy powietrza
73%
ukształtowanie powierzchni
59%
ciepłe prądy morskie
45%
Ilość energii słonecznej
45%
położenie nad morzem Bałtyckim
36%
położenie pomiędzy oceanem Atlantyckim a Azją
5%
Nie znaleziono quizów pasujących do podanych kryteriów
Rozkład punktacji
Procent ludzi z każdym wynikiem
Percentyl według liczby udzielonych odpowiedzi
Twoja historia wyników
Nie rozwiązałeś tego quizu od ostatniego zresetowania